Statistics for Квиз о Босни и Херцеговини

Click here to take the quiz!

General Stats

  • This quiz has been taken 697 times
  • The average score is 14 of 16

Answer Stats

ОписОдговор% Correct
Главни градСарајево
100%
Државе са којима се граничиСрбија
99%
Државе са којима се граничиХрватска
99%
Државе са којима се граничиЦрна Гора
98%
Полуострво на коме се налази БиХБалканско полуострво
98%
Херцеговина има 20 км дугу обалу на овом моруЈадранско море
94%
Држава чији је део била 1918–1992Југославија
94%
Државна валутаКонвертибилна {Марка}
91%
Религија коју практикује нешто преко пола популацијеИслам
86%
Спортска манифестација одржана у главном граду 1984.Зимска Олимпијада
84%
Царство које је освојило Босну 1463. а Херцеговину 1482.Османско царство
84%
Ова држава се састоји од два ентитета, један се зове исто као и држава, а другом је име?Република Српска
82%
Највећи град у Херцеговини чији је мост део УНЕСКО-ве светске баштинеМостар
81%
Река на северној границиСава
78%
Уз два ентитета постоји и један дистрикт, како се зове?Брчко
66%
У овом граду је потписан мировни споразум о крају рата у БиХ 1995.Дејтон
53%

Score Distribution

Percentile by Number Answered

Percent of People with Each Score

Your Score History

You have not taken this quiz